000 00709nam a2200253Ia 4500
003 OSt
005 20220918201357.0
006 a|||||r|||| 00| 0
007 ta
008 220917b |||||||| |||| 00| 0 eng d
024 _a93,496
037 _cTextual
040 _aARTS
_cARTS
_beng
041 _2eng
_aeng
082 _aV2y7M77, L7
100 _aRiaz Hussain
_998438
245 0 _aPolitics of Iqbal
_b a study of his political thoughts and action
260 _aLahore
_bIslamic Book Service
_c1977
300 _avii,159p.
_ccm.
490 _aIqbal centenary year publication
650 _aHISTORY
942 _hV2y7M77, L7
_cTEXL
_2CC
999 _c217138
_d217138